| 000 | 00885nam a2200205 a 4500 | ||
|---|---|---|---|
| 001 | 000370100 | ||
| 003 | AM-YeHGA | ||
| 005 | 20250618072255.0 | ||
| 008 | 041015s1935 ai 000 | arm d | ||
| 040 | _aAM-YeHGA | ||
| 041 | 1 |
_aarm _hrus _heng |
|
| 245 | 1 | 0 |
_aՌոբինզոն / _cԴ. Դեֆո; Վերամշ., խմբ.՝ Լ.Ն. Տոլստոյ; Նկ.՝ Դ. Կարդովսկի; Ռուս. թարգմ.՝ Հ. Հայրապետյան. |
| 260 |
_aՅերևան : _bՊետհրատ, _c1935. |
||
| 300 |
_a47 էջ _bնկ. ; _c20 սմ. |
||
| 650 | 1 | 4 |
_aԱնգլիական մանկական գրականություն _xՊատմվածք |
| 700 | 1 |
_aՏոլստոյ, Լև Նիկոլաևիչ, _d1828-1910 _eխմբ. _4edt _96686 |
|
| 700 | 1 |
_aԿարդովսկի, Դ. _eնկ. _4ill |
|
| 700 | 1 |
_aՀայրապետյան, Հայրապետ Սարդարի, _d1874-1962 _eթարգմ. _4trl _91697 |
|
| 090 | _c142824 | ||
| 999 |
_c141444 _d141444 |
||